000
00234nam a2200109Ia 4500
003
GCL
008
140319s9999 xx 000 0 eng d
040
_a
GCL /
_c
GCL
082
0
4
_a
VIDEO
_b
142
245
1
0
_a
MC BAIN
260
_a
[S.N] :
_b
NONE
999
_c
18727
_d
18727